[Event "I Festival del Fermano A"]
[Site "Fermo ITA"]
[Date "2010.08.27"]
[Round "7"]
[White "Mogranzini, Roberto"]
[Black "Prohaszka, Peter"]
[WhiteElo "2387"]
[BlackElo "2526"]
[Result "0-1"]
[PlyCount "122"]
[EventDate "2010.08.21"]

1. c4 e6 2. g3 d5 3. Bg2 Nf6 4. Nf3 dxc4 5. Qa4+ Nbd7 6. Qxc4 a6 7. Qb3 c5 8.
a4 Bd6 9. Nc3 Qc7 10. d3 b6 11. O-O Bb7 12. Qc2 O-O 13. e4 Rac8 14. b3 Ne5 15.
Nd2 Nfd7 16. Bb2 Nc6 17. f4 Nb4 18. Qb1 Nb8 19. Nc4 Be7 20. Ne2 N8c6 21. f5 e5
22. Nc3 Rcd8 23. Nd5 Nxd5 24. exd5 Nd4 25. Bxd4 exd4 26. a5 b5 27. Nb6 Bg5 28.
Ra2 Qd6 29. Qd1 Rde8 30. Qg4 Be3+ 31. Kh1 f6 32. Rc2 Re5 33. Qd1 Rfe8 34. Re2
g6 35. fxg6 hxg6 36. Rc2 Kg7 37. Qg4 f5 38. Qd1 Bg5 39. Qa1 Bxd5 40. Nxd5 Rxd5
41. h4 Bf6 42. Bxd5 Qxd5+ 43. Kh2 Qxb3 44. Rxc5 Re2+ 45. Kh3 Qxd3 46. Rc7+ Kg8
47. Qd1 Qe3 48. Rc8+ Kg7 49. Rc7+ Kh6 50. Qc1 Qxc1 51. Rcxc1 d3 52. Rc6 d2 53.
Rd1 Be7 54. g4 fxg4+ 55. Kxg4 Bb4 56. h5 Re4+ 57. Kf3 Re1 58. Rxg6+ Kxh5 59.
Rg1 Bxa5 60. Rh1+ Kg5 61. Kg2 Bc3 0-1

[Event "I Festival del Fermano A"]
[Site "Fermo ITA"]
[Date "2010.08.27"]
[Round "7"]
[White "Pap, Gyula"]
[Black "Boscolo, Marco"]
[WhiteElo "2508"]
[BlackElo "2149"]
[Result "1-0"]
[PlyCount "61"]
[EventDate "2010.08.21"]

1. d4 e6 2. c4 Nf6 3. g3 Bb4+ 4. Bd2 Qe7 5. Nc3 Nc6 6. Nf3 d6 7. Bg2 O-O 8. O-O
Bxc3 9. Bxc3 e5 10. d5 Nb8 11. Ne1 Nbd7 12. Nd3 a5 13. e4 Re8 14. Qd2 b6 15. a4
Ba6 16. b3 c6 17. Rae1 Nc5 18. Nxc5 bxc5 19. f4 Nd7 20. dxc6 Nb8 21. Rd1 Nxc6
22. Qxd6 Nd4 23. Qxe7 Rxe7 24. Bxd4 exd4 25. e5 Rb8 26. Rd3 Re6 27. Bd5 Reb6
28. f5 Rd8 29. e6 Rxd5 30. cxd5 Bxd3 31. e7 1-0

[Event "I Festival del Fermano A"]
[Site "Fermo ITA"]
[Date "2010.08.27"]
[Round "7"]
[White "Salvador, Roland"]
[Black "Epishin, Vladimir V."]
[WhiteElo "2498"]
[BlackElo "2598"]
[Result "1/2-1/2"]
[PlyCount "62"]
[EventDate "2010.08.21"]

1. c4 Nf6 2. Nc3 e5 3. Nf3 Nc6 4. g3 Bc5 5. Nxe5 Bxf2+ 6. Kxf2 Nxe5 7. e4 c5 8.
d3 d6 9. h3 O-O 10. Bg2 Ne8 11. Rf1 Nc7 12. Kg1 Bd7 13. Be3 Ne6 14. Kh2 a6 15.
Rf2 b5 16. b3 Rb8 17. Nd5 f6 18. Qd2 Kh8 19. Raf1 Be8 20. g4 Bf7 21. Qd1 bxc4
22. dxc4 Bg8 23. Rd2 Rb7 24. Qe1 a5 25. Nc3 Rd7 26. Qg3 h6 27. Rfd1 Qb8 28. Nb5
Rfd8 29. a4 Bh7 30. Re2 Qb6 31. Qe1 Ng5 1/2-1/2

[Event "I Festival del Fermano A"]
[Site "Fermo ITA"]
[Date "2010.08.27"]
[Round "7"]
[White "Tomini, Marco"]
[Black "Borgiani, Flavio"]
[WhiteElo "2043"]
[BlackElo "2194"]
[Result "0-1"]
[PlyCount "75"]
[EventDate "2010.08.21"]

1. g3 e6 2. Bg2 c5 3. b3 d5 4. e3 Nc6 5. Ne2 Nf6 6. Bb2 Bd6 7. a3 a6 8. d3 O-O
9. Nd2 e5 10. h3 Re8 11. O-O Qe7 12. c4 dxc4 13. bxc4 Be6 14. Nc3 Qd7 15. Nd5
Bxd5 16. cxd5 Ne7 17. Nc4 Qc7 18. f4 Nexd5 19. fxe5 Bxe5 20. Nxe5 Rxe5 21. Bxe5
Qxe5 22. Qf3 h6 23. e4 Qd4+ 24. Kh2 Ne3 25. Rfb1 Re8 26. Ra2 b5 27. Re1 Nxg2
28. Rxg2 Nd7 29. Qe3 Qc3 30. g4 Ne5 31. Rg3 Qxa3 32. g5 h5 33. g6 fxg6 34. Rf1
h4 35. Rg2 Qxd3 36. Qf4 Qd6 37. Kg1 Rf8 38. Qc1 0-1

[Event "I Festival del Fermano A"]
[Site "Fermo ITA"]
[Date "2010.08.27"]
[Round "7"]
[White "Vezzosi, Paolo"]
[Black "Naumkin, Igor"]
[WhiteElo "2362"]
[BlackElo "2466"]
[Result "0-1"]
[PlyCount "82"]
[EventDate "2010.08.21"]

1. Nf3 Nf6 2. d4 e6 3. Bf4 b6 4. e3 Bb7 5. Nbd2 Be7 6. h3 O-O 7. Bd3 c5 8. O-O
cxd4 9. exd4 Nc6 10. c3 a6 11. a4 Nd5 12. Bh2 d6 13. Qe2 Re8 14. Nc4 Bf8 15.
Rfe1 g6 16. Qd2 Rb8 17. Qg5 b5 18. Qxd8 Rexd8 19. axb5 axb5 20. Ncd2 Ba8 21.
Bf1 h6 22. Ra2 g5 23. g4 Nce7 24. h4 Nf6 25. Bh3 gxh4 26. Nxh4 b4 27. c4 b3 28.
Ra3 Nc6 29. Nhf3 Nb4 30. Rxb3 Nc2 31. Rc1 Rxb3 32. Nxb3 Bxf3 33. Rxc2 Bd1 34.
Rc3 Rb8 35. Nc1 Rxb2 36. f3 Bg7 37. Rd3 Ba4 38. Bf1 Rc2 39. Ra3 Nxg4 40. Ne2
Nxh2 41. Kxh2 Bc6 0-1

[Event "I Festival del Fermano A"]
[Site "Fermo ITA"]
[Date "2010.08.28"]
[Round "8"]
[White "Borgiani, Flavio"]
[Black "Spornberger, Maximilian"]
[WhiteElo "2194"]
[BlackElo "2073"]
[Result "0-1"]
[PlyCount "76"]
[EventDate "2010.08.21"]

1. d4 g6 2. Nf3 Bg7 3. e4 d6 4. Nc3 a6 5. Bc4 e6 6. Bg5 Ne7 7. Qd2 h6 8. Be3 b5
9. Bb3 Nd7 10. a3 Bb7 11. Bf4 Nf6 12. Qe2 c5 13. dxc5 dxc5 14. O-O O-O 15. Rfd1
Qc8 16. Bd6 Re8 17. Rd2 h5 18. h4 Qc6 19. Ne5 Qb6 20. Qe3 Rac8 21. f3 Ned5 22.
exd5 exd5 23. Nxd5 Qxd6 24. Nxf6+ Qxf6 25. f4 c4 26. Ba2 Qxh4 27. Rf1 Bf8 28.
Qh3 Bc5+ 29. Kh2 Qxh3+ 30. Kxh3 Rcd8 31. Rxd8 Rxd8 32. Nf3 Bxf3 33. Rxf3 Rd1
34. b4 Bb6 35. a4 Rh1+ 36. Kg3 h4+ 37. Kg4 f5+ 38. Kg5 Kg7 0-1

[Event "I Festival del Fermano A"]
[Site "Fermo ITA"]
[Date "2010.08.28"]
[Round "8"]
[White "Boscolo, Marco"]
[Black "Iasman, Inna"]
[WhiteElo "2149"]
[BlackElo "1973"]
[Result "1/2-1/2"]
[PlyCount "63"]
[EventDate "2010.08.21"]

1. Nf3 d5 2. d4 Nf6 3. c4 c6 4. Nc3 dxc4 5. a4 Bf5 6. Ne5 Nbd7 7. Nxc4 Qc7 8.
g3 e5 9. dxe5 Nxe5 10. Nxe5 Qxe5 11. Bf4 Qe6 12. Bg2 Rd8 13. Qc1 Be7 14. O-O
O-O 15. Qe3 Qxe3 16. Bxe3 a6 17. h3 Be6 18. Rfd1 Bb3 19. Rdc1 Nd5 20. Nxd5 Bxd5
21. Bb6 Rd7 22. Rd1 Be6 23. Rxd7 Bxd7 24. Bd4 Bb4 25. e3 Be6 26. Bb6 Bb3 27.
Bf3 Re8 28. Kg2 f6 29. Bd1 Bd5+ 30. Bf3 Bb3 31. Bd1 Bd5+ 32. Bf3 1/2-1/2

[Event "I Festival del Fermano A"]
[Site "Fermo ITA"]
[Date "2010.08.28"]
[Round "8"]
[White "Calavalle, Giulio"]
[Black "Gattafoni, Alessio"]
[WhiteElo "2201"]
[BlackElo "2009"]
[Result "1-0"]
[PlyCount "95"]
[EventDate "2010.08.21"]

1. e4 e6 2. Nf3 d5 3. e5 c5 4. b4 cxb4 5. d4 Nc6 6. a3 bxa3 7. c3 Bd7 8. Bd3
Be7 9. Bxa3 Bxa3 10. Nxa3 a6 11. h4 h6 12. Qe2 Rc8 13. O-O Nge7 14. c4 O-O 15.
Rfb1 Rb8 16. c5 Nf5 17. Bxf5 exf5 18. Rb6 Re8 19. Rab1 Qc7 20. Qa2 Be6 21. Nc2
f4 22. Nb4 Bf5 23. Rb2 Be4 24. Nxc6 bxc6 25. Qxa6 Bxf3 26. gxf3 Ra8 27. Qb7 Qd8
28. Qxc6 Re6 29. Qxa8 Qxa8 30. Rb8+ Re8 31. Rxa8 Rxa8 32. Rb5 Ra1+ 33. Kg2 Rc1
34. Rb8+ Kh7 35. Rd8 Kg6 36. Rxd5 Kf5 37. Rd7 Ke6 38. Rd6+ Kf5 39. c6 h5 40. d5
Kxe5 41. Rd7 f6 42. c7 g5 43. d6 g4 44. Rd8 gxf3+ 45. Kxf3 Rc3+ 46. Kg2 f3+ 47.
Kg3 f5 48. c8=Q 1-0

[Event "I Festival del Fermano A"]
[Site "Fermo ITA"]
[Date "2010.08.28"]
[Round "8"]
[White "Certic, Branimir"]
[Black "Garro Beraza, Haritz"]
[WhiteElo "2421"]
[BlackElo "2171"]
[Result "1-0"]
[PlyCount "50"]
[EventDate "2010.08.21"]

1. Nf3 Nf6 2. g3 g6 3. b3 Bg7 4. Bb2 O-O 5. Bg2 d6 6. d4 e5 7. dxe5 Ng4 8. Nc3
Nxe5 9. Nxe5 Bxe5 10. O-O Nc6 11. Qd2 Be6 12. Rad1 Qd7 13. Qc1 Bh3 14. Bxh3
Qxh3 15. Nd5 Rac8 16. f4 Bg7 17. Qa1 Bxb2 18. Qxb2 f5 19. b4 Rf7 20. b5 Ne7 21.
Nf6+ Kg7 22. Ne4+ Kg8 23. Ng5 Qg4 24. Qb3 d5 25. Nxf7 Ra8 1-0

[Event "I Festival del Fermano A"]
[Site "Fermo ITA"]
[Date "2010.08.28"]
[Round "8"]
[White "Damia, Angelo"]
[Black "Panjkovic, Aleksandar"]
[WhiteElo "2281"]
[BlackElo "2121"]
[Result "0-1"]
[PlyCount "106"]
[EventDate "2010.08.21"]

1. d4 d6 2. e4 Nf6 3. Nc3 g6 4. f4 Bg7 5. Nf3 O-O 6. e5 dxe5 7. fxe5 Nd5 8. Bc4
Nb6 9. Bb3 Nc6 10. Be3 Na5 11. O-O Nxb3 12. axb3 f6 13. exf6 exf6 14. d5 Bg4
15. h3 Bxf3 16. Qxf3 f5 17. Rad1 Qh4 18. Bf4 Rf7 19. Nb5 Qe7 20. d6 cxd6 21.
Nxd6 Rff8 22. Rfe1 Qc7 23. c4 Qc5+ 24. Be3 Qb4 25. c5 Rad8 26. Nxb7 Rxd1 27.
Rxd1 Nc8 28. Qd5+ Kh8 29. Bd4 Re8 30. c6 Nb6 31. Bxg7+ Kxg7 32. Qd4+ Qxd4+ 33.
Rxd4 Re1+ 34. Kh2 Rc1 35. Rd7+ Kf6 36. Rxh7 Rxc6 37. Na5 Rc2 38. Rxa7 Nd5 39.
Ra6+ Kg5 40. Nc4 Nf4 41. Ne3 Re2 42. h4+ Kxh4 43. Ra4 Kg5 44. Nc4 Rxg2+ 45. Kh1
Re2 46. b4 Nh5 47. b5 Ng3+ 48. Kg1 Kg4 49. Ne3+ Kf3 50. Ra3 Rxe3 51. b6 Ne2+
52. Kf1 Nd4 53. b7 Rxa3 0-1

[Event "I Festival del Fermano A"]
[Site "Fermo ITA"]
[Date "2010.08.28"]
[Round "8"]
[White "Dervishi, Erald"]
[Black "Graziani, Claudio"]
[WhiteElo "2557"]
[BlackElo "2000"]
[Result "1-0"]
[PlyCount "51"]
[EventDate "2010.08.21"]

1. e4 c5 2. Nf3 d6 3. d4 cxd4 4. Nxd4 Nf6 5. Nc3 a6 6. Be2 e6 7. a4 Qc7 8. O-O
Nc6 9. Be3 Be7 10. Kh1 O-O 11. f4 Re8 12. Bf3 Rb8 13. Qd2 Bf8 14. Rad1 Bd7 15.
Nb3 b5 16. axb5 axb5 17. Qe2 d5 18. exd5 Nb4 19. d6 Bxd6 20. Rxd6 Qxd6 21. Bc5
Qxf4 22. Be4 Qc7 23. Rxf6 gxf6 24. Qg4+ Kh8 25. Qh4 f5 26. Bxf5 1-0

[Event "I Festival del Fermano A"]
[Site "Fermo ITA"]
[Date "2010.08.28"]
[Round "8"]
[White "Epishin, Vladimir V."]
[Black "Leon Hoyos, Manuel"]
[WhiteElo "2598"]
[BlackElo "2556"]
[Result "0-1"]
[PlyCount "80"]
[EventDate "2010.08.21"]

1. d4 Nf6 2. Nf3 g6 3. g3 Bg7 4. Bg2 c5 5. d5 d6 6. O-O O-O 7. Re1 b5 8. e4 Bb7
9. a4 b4 10. c4 bxc3 11. Nxc3 Na6 12. Bf4 Nb4 13. Qd2 Ba6 14. e5 Ng4 15. Nb5
dxe5 16. Nxe5 Nxe5 17. Bxe5 Bxe5 18. Rxe5 Bxb5 19. axb5 Qd6 20. Qc3 a6 21. bxa6
Rxa6 22. Rae1 Ra7 23. h4 h5 24. Bf3 Rc8 25. Qc4 Kf8 26. Kg2 Qa6 27. Be2 Qxc4
28. Bxc4 Nc2 29. Rc1 Nd4 30. Bd3 Ra4 31. Re4 Rb4 32. Rce1 Rc7 33. Rf4 f5 34.
Ra1 Rd7 35. Ra8+ Kg7 36. g4 hxg4 37. h5 Rxd5 38. hxg6 Rxb2 39. Bc4 Ne6 40. Rg8+
Kf6 0-1

[Event "I Festival del Fermano A"]
[Site "Fermo ITA"]
[Date "2010.08.28"]
[Round "8"]
[White "Mogranzini, Roberto"]
[Black "Cordova, Emilio"]
[WhiteElo "2387"]
[BlackElo "2560"]
[Result "1/2-1/2"]
[PlyCount "37"]
[EventDate "2010.08.21"]

1. d4 Nf6 2. c4 e6 3. Nf3 b6 4. g3 Ba6 5. b3 Bb4+ 6. Bd2 Be7 7. Bg2 c6 8. Bc3
d5 9. Nbd2 Nbd7 10. O-O O-O 11. Re1 c5 12. e4 dxe4 13. Nxe4 Nxe4 14. Rxe4 Bb7
15. Re3 Bf6 16. dxc5 Bxc3 17. Rxc3 Nxc5 18. Qe2 Qe7 19. Ne5 1/2-1/2

[Event "I Festival del Fermano A"]
[Site "Fermo ITA"]
[Date "2010.08.28"]
[Round "8"]
[White "Pap, Gyula"]
[Black "David, Alberto"]
[WhiteElo "2508"]
[BlackElo "2622"]
[Result "0-1"]
[PlyCount "50"]
[EventDate "2010.08.21"]

1. c4 Nf6 2. Nc3 e5 3. Nf3 Nc6 4. d3 d5 5. cxd5 Nxd5 6. e3 Be7 7. Be2 O-O 8.
O-O Be6 9. a3 a5 10. Qc2 f5 11. Re1 Kh8 12. Bf1 Bg8 13. Rb1 Qd6 14. Nb5 Qg6 15.
Kh1 e4 16. Nd2 exd3 17. Bxd3 Ne5 18. Bf1 Ng4 19. Nf3 Ndf6 20. Re2 Ne4 21. h3 c6
22. Nbd4 Bd5 23. hxg4 fxg4 24. Nh2 g3 25. Nhf3 gxf2 0-1

[Event "I Festival del Fermano A"]
[Site "Fermo ITA"]
[Date "2010.08.28"]
[Round "8"]
[White "Popa, Claudiu"]
[Black "Raineri, Valerio"]
[WhiteElo "2211"]
[BlackElo "2114"]
[Result "0-1"]
[PlyCount "52"]
[EventDate "2010.08.21"]

1. e4 e5 2. Nf3 Nc6 3. d4 exd4 4. Nxd4 Bc5 5. Nxc6 Qf6 6. Qd2 dxc6 7. Nc3 Bd4
8. Bd3 Ne7 9. O-O Ng6 10. Ne2 Bb6 11. Kh1 Ne5 12. f3 Ng4 13. Ng1 Ne5 14. Be2
Bd7 15. Qg5 Qxg5 16. Bxg5 f6 17. Bd2 O-O-O 18. Bc3 Be6 19. b3 Bd4 20. Bxd4 Rxd4
21. Rfd1 Rhd8 22. Rxd4 Rxd4 23. Rd1 c5 24. c3 Rxd1 25. Bxd1 Nd3 26. Ne2 Nf2+
0-1

[Event "I Festival del Fermano A"]
[Site "Fermo ITA"]
[Date "2010.08.28"]
[Round "8"]
[White "Prohaszka, Peter"]
[Black "Salvador, Roland"]
[WhiteElo "2526"]
[BlackElo "2498"]
[Result "1/2-1/2"]
[PlyCount "35"]
[EventDate "2010.08.21"]

1. d4 d5 2. c4 c6 3. Nc3 Nf6 4. e3 g6 5. Nf3 Bg7 6. Be2 O-O 7. O-O dxc4 8. Bxc4
Nbd7 9. e4 Nb6 10. Be2 Be6 11. a4 a5 12. h3 Qc7 13. Ng5 Bc4 14. Bxc4 Nxc4 15.
Qb3 Nb6 16. Be3 h6 17. Nf3 Nfd7 18. e5 1/2-1/2

[Event "I Festival del Fermano A"]
[Site "Fermo ITA"]
[Date "2010.08.28"]
[Round "8"]
[White "Rebeggiani, Luca"]
[Black "Bernardi, Ruben"]
[WhiteElo "2036"]
[BlackElo "2212"]
[Result "1/2-1/2"]
[PlyCount "71"]
[EventDate "2010.08.21"]

1. e4 c5 2. Nf3 Nc6 3. d4 cxd4 4. Nxd4 e5 5. Nb5 d6 6. N1c3 a6 7. Na3 Nf6 8.
Bg5 b5 9. Nd5 Be7 10. Bxf6 Bxf6 11. c3 Bg5 12. Nc2 O-O 13. a4 bxa4 14. Rxa4 a5
15. Bc4 Rb8 16. b3 Kh8 17. h4 Bh6 18. g4 Bf4 19. Qf3 Be6 20. Nce3 Qd7 21. O-O
Bxe3 22. Nxe3 Bxc4 23. Nxc4 Rxb3 24. Nxa5 Nxa5 25. Rxa5 Rc8 26. Rc1 f6 27. Qf5
Qxf5 28. gxf5 g6 29. fxg6 hxg6 30. Rd1 Rc6 31. Ra7 Rbxc3 32. Rd7 Rc1 33. R7xd6
Rxd6 34. Rxc1 Kg7 35. Rc7+ Kh6 36. Kg2 1/2-1/2

[Event "I Festival del Fermano A"]
[Site "Fermo ITA"]
[Date "2010.08.28"]
[Round "8"]
[White "Suppa, Ercole"]
[Black "Vezzosi, Paolo"]
[WhiteElo "2121"]
[BlackElo "2362"]
[Result "0-1"]
[PlyCount "90"]
[EventDate "2010.08.21"]

1. d4 Nf6 2. Nf3 g6 3. Nc3 Bg7 4. e4 d6 5. Be2 O-O 6. O-O c6 7. a4 Nbd7 8. h3
Qc7 9. Be3 e5 10. dxe5 dxe5 11. Bc4 Nh5 12. Qd2 Nb6 13. Ba2 Be6 14. Qc1 Bxa2
15. Rxa2 Rfd8 16. b3 Nd7 17. Ne2 Nf8 18. c3 Ne6 19. g3 Bf8 20. b4 a5 21. Qb1
Nf6 22. Ng5 Nxg5 23. Bxg5 Be7 24. Be3 Rd7 25. f3 Qd8 26. Qe1 Qf8 27. Bd2 Qd8
28. Be3 Ne8 29. Nc1 Nd6 30. Qe2 axb4 31. cxb4 b5 32. axb5 Rxa2 33. Qxa2 cxb5
34. Qa5 Qxa5 35. bxa5 Nc4 36. Bf2 Nxa5 37. Na2 b4 38. Rb1 Nc4 39. Nxb4 Nd2 40.
Rb2 Nxf3+ 41. Kg2 Rd2 42. Rxd2 Nxd2 43. Nd3 f6 44. Bc5 Kf7 45. Kf2 Nxe4+ 0-1

[Event "I Festival del Fermano A"]
[Site "Fermo ITA"]
[Date "2010.08.28"]
[Round "8"]
[White "Vuelban, Virgilio"]
[Black "Rago, Riccardo"]
[WhiteElo "2358"]
[BlackElo "2103"]
[Result "1-0"]
[PlyCount "69"]
[EventDate "2010.08.21"]

1. e4 c5 2. Nf3 Nc6 3. d4 cxd4 4. Nxd4 Nf6 5. Nc3 e5 6. Ndb5 d6 7. Nd5 Nxd5 8.
exd5 Nb8 9. Qf3 Be7 10. Qc3 Na6 11. Be3 O-O 12. Nxa7 Bg5 13. Bxa6 Bxe3 14. Qxe3
Qa5+ 15. c3 Qxa6 16. Nxc8 Rfxc8 17. Qe2 Qa5 18. Qd2 Qb5 19. a3 Rc5 20. Rd1 Ra5
21. b4 Rxd5 22. Qxd5 Qxd5 23. Rxd5 Rxd5 24. Ke2 Kf8 25. a4 Ke7 26. a5 Kd7 27.
Ra1 Kc7 28. g4 f6 29. f3 g6 30. h4 Rb5 31. Kd3 d5 32. g5 f5 33. f4 e4+ 34. Kd4
Kc6 35. h5 1-0

[Event "I Festival del Fermano A"]
[Site "Fermo ITA"]
[Date "2010.08.29"]
[Round "9"]
[White "Bernardi, Ruben"]
[Black "Calandri, Fausto"]
[WhiteElo "2212"]
[BlackElo "2107"]
[Result "0-1"]
[PlyCount "139"]
[EventDate "2010.08.21"]

1. e4 d5 2. exd5 Qxd5 3. Nc3 Qa5 4. d4 Nf6 5. Bc4 Bf5 6. Bd2 c6 7. Qe2 e6 8. d5
cxd5 9. Nxd5 Qd8 10. Nxf6+ Qxf6 11. Bc3 Bb4 12. Bb5+ Nc6 13. Bxc6+ bxc6 14. Qc4
Bxc3+ 15. bxc3 Qe5+ 16. Ne2 O-O 17. O-O Qd5 18. Qa4 Rfd8 19. Nd4 c5 20. Nxf5
Qxf5 21. Rad1 Qf6 22. Qa5 Qe7 23. a4 g6 24. h3 Rac8 25. Qb5 Qc7 26. Qc4 Rd6 27.
Rd3 Rcd8 28. Rb1 Rd5 29. Rb5 R8d7 30. a5 Qe5 31. g3 Qf5 32. Kg2 Rxd3 33. cxd3
Rxd3 34. Qxc5 Qxc5 35. Rxc5 Kf8 36. c4 Ke7 37. a6 Rd7 38. Rc8 Rd6 39. Rc7+ Rd7
40. Rc6 Rd6 41. Rc7+ Rd7 42. Rc6 Kd8 43. Rc5 Rc7 44. Rb5 Rxc4 45. Kf3 Rc6 46.
Rb8+ Kd7 47. Rb7+ Rc7 48. Rb4 Kd6 49. g4 g5 50. Ke4 h6 51. f4 f6 52. f5 Rc6 53.
Rd4+ Ke7 54. Ra4 Rb6 55. fxe6 Kxe6 56. Kd4 f5 57. gxf5+ Kxf5 58. Kc5 h5 59. Ra1
Kf4 60. Ra3 g4 61. Ra4+ Kf3 62. Ra3+ Kg2 63. hxg4 hxg4 64. Kd4 g3 65. Ke4 Kh2
66. Ra5 Rf6 67. Rh5+ Kg1 68. Rh7 g2 69. Rxa7 Kf2 70. Kd4 0-1

[Event "I Festival del Fermano A"]
[Site "Fermo ITA"]
[Date "2010.08.29"]
[Round "9"]
[White "Fierro Baquero, Martha Lorena"]
[Black "Epishin, Vladimir V."]
[WhiteElo "2372"]
[BlackElo "2598"]
[Result "0-1"]
[PlyCount "98"]
[EventDate "2010.08.21"]

1. e4 c5 2. Nf3 a6 3. g3 g6 4. Bg2 Bg7 5. d4 cxd4 6. Nxd4 Nf6 7. O-O d6 8. Nc3
O-O 9. h3 Nbd7 10. Be3 Qc7 11. Qd2 Nb6 12. b3 Bd7 13. Rac1 Rac8 14. Nd5 Nbxd5
15. exd5 e5 16. dxe6 fxe6 17. c4 Rcd8 18. Rfd1 Bc8 19. Qb4 Qf7 20. Ne2 d5 21.
Nf4 g5 22. Nd3 Ne4 23. cxd5 exd5 24. Nc5 Nxf2 25. Rf1 Nxh3+ 26. Bxh3 Qe7 27.
Rxf8+ Rxf8 28. Qd2 Bxh3 29. Qxd5+ Rf7 30. Ne4 Bf5 31. Rc4 Be6 32. Qc5 Bxc4 33.
Qxc4 h6 34. Bc5 Qe5 35. Nd6 Qxg3+ 36. Kh1 Qf4 37. Nxf7 Qxc4 38. Nxh6+ Kh7 39.
bxc4 Kxh6 40. Kg2 g4 41. Kf2 Kg5 42. Ke3 Kf5 43. a4 Be5 44. Kd3 Kf4 45. Bg1 g3
46. c5 g2 47. Kc4 Ke4 48. c6 bxc6 49. Kc5 a5 0-1

[Event "I Festival del Fermano A"]
[Site "Fermo ITA"]
[Date "2010.08.29"]
[Round "9"]
[White "Graziani, Claudio"]
[Black "Calavalle, Giulio"]
[WhiteElo "2000"]
[BlackElo "2201"]
[Result "0-1"]
[PlyCount "170"]
[EventDate "2010.08.21"]

1. e4 c5 2. c3 Nc6 3. d4 cxd4 4. cxd4 d6 5. Nf3 Nf6 6. d5 Nb8 7. Nc3 g6 8. Bb5+
Bd7 9. Qe2 a6 10. Bxd7+ Nbxd7 11. Be3 Bg7 12. O-O O-O 13. Rfd1 b5 14. Nd4 Rc8
15. Nc6 Qe8 16. a4 Nb8 17. axb5 axb5 18. Qxb5 Nxc6 19. dxc6 Qxc6 20. Qxc6 Rxc6
21. f3 Rb8 22. Ra2 Rc7 23. Rd2 Rcb7 24. Ba7 Rc8 25. Bd4 Kf8 26. Kf1 Bh6 27. Re2
Nh5 28. g3 Ng7 29. Be3 Bxe3 30. Rxe3 Rcb8 31. Re2 Ne6 32. Rd2 Nc5 33. Nd5 Nb3
34. Rd1 Nc5 35. Rd2 e6 36. Ne3 Ke7 37. Nc4 Rd7 38. Na5 Rb6 39. Nc4 Rb3 40. Ke2
f5 41. exf5 gxf5 42. Na5 Rb6 43. b4 Nb7 44. Rd4 Kf6 45. f4 Nd8 46. Rc2 Nf7 47.
Rc8 Ra7 48. Kd2 d5 49. Rc2 Nd6 50. Ke2 Nb5 51. Rd3 Rc7 52. Rxc7 Nxc7 53. Rc3
Nb5 54. Rd3 Nd6 55. Rb3 Ne4 56. Kd3 e5 57. fxe5+ Kxe5 58. Rb1 h5 59. b5 Nc5+
60. Ke2 Na4 61. Nc6+ Kd6 62. Kd3 Nc5+ 63. Ke3 Ne4 64. Kf4 Nc3 65. Rb3 Nxb5 66.
Nd4 Kc5 67. Nxf5 Rf6 68. Kg5 Rxf5+ 69. Kg6 Re5 70. h3 Kc4 71. Rb1 d4 72. g4
hxg4 73. hxg4 Nd6 74. Kf6 Re2 75. Rc1+ Kd5 76. Rg1 d3 77. g5 Ne4+ 78. Kf7 Rf2+
79. Ke7 Nxg5 80. Rxg5+ Kc4 81. Kd6 d2 82. Rc5+ Kd3 83. Rd5+ Ke2 84. Re5+ Kf1
85. Rd5 Ke1 0-1

[Event "I Festival del Fermano A"]
[Site "Fermo ITA"]
[Date "2010.08.29"]
[Round "9"]
[White "Leon Hoyos, Manuel"]
[Black "Prohaszka, Peter"]
[WhiteElo "2556"]
[BlackElo "2526"]
[Result "1/2-1/2"]
[PlyCount "151"]
[EventDate "2010.08.21"]

1. e4 c6 2. c4 d5 3. exd5 Nf6 4. Nc3 cxd5 5. cxd5 Nxd5 6. Nf3 Nxc3 7. bxc3 g6
8. h4 Bg7 9. h5 Nc6 10. d4 Bg4 11. Bc4 e6 12. Rb1 Qc7 13. h6 Bf6 14. Be2 O-O
15. O-O Bxf3 16. Bxf3 Rac8 17. Be4 b6 18. Qf3 Be7 19. Bf4 Qd7 20. d5 exd5 21.
Bxd5 Na5 22. Rfe1 Qf5 23. g4 Qf6 24. g5 Qf5 25. Rxe7 Qxb1+ 26. Kg2 Qf5 27. Re5
Qd7 28. Bg3 Rc6 29. Bxc6 Qxc6 30. Re7 Qxf3+ 31. Kxf3 Rc8 32. Ke4 Nc6 33. Rc7
Re8+ 34. Kd5 Ne7+ 35. Kc4 Nf5 36. Be5 a6 37. f4 Ne3+ 38. Kd3 Nd5 39. Rd7 Ne7
40. Rd6 Rb8 41. Ke4 f5+ 42. gxf6 Nf5 43. Rd7 Rf8 44. Rb7 b5 45. Ra7 Rf7 46.
Ra8+ Rf8 47. f7+ Kxf7 48. Rxa6 Re8 49. Rf6+ Ke7 50. Rb6 Nxh6 51. Rxb5 Ra8 52.
Rb7+ Ke6 53. Rxh7 Nf7 54. Bd4 Rxa2 55. Rg7 Nd6+ 56. Kf3 Kf5 57. Rg8 Nb5 58. Be5
Ra3 59. Rc8 Ke6 60. Rc5 Na7 61. Bd4 Ra6 62. Kg4 Nc6 63. Kg5 Kf7 64. Kh6 Nxd4
65. cxd4 Ra4 66. Rc7+ Kf6 67. Rd7 Rc4 68. Rd8 Ke7 69. Rd5 Ke6 70. Rd8 Ke7 71.
Rd5 Ke6 72. Re5+ Kf6 73. Re8 Kf7 74. Re4 Kf6 75. Re8 Kf7 76. Rd8 1/2-1/2

[Event "I Festival del Fermano A"]
[Site "Fermo ITA"]
[Date "2010.08.29"]
[Round "9"]
[White "Napoli, Nicolo'"]
[Black "Suppa, Ercole"]
[WhiteElo "2357"]
[BlackElo "2121"]
[Result "1/2-1/2"]
[PlyCount "31"]
[EventDate "2010.08.21"]

1. d4 c5 2. d5 Nf6 3. Nc3 g6 4. e4 d6 5. f4 Bg7 6. Bb5+ Nfd7 7. Nf3 O-O 8. a4
Na6 9. h4 Nf6 10. e5 Nh5 11. O-O Bg4 12. Bxa6 bxa6 13. Qe1 Bxf3 14. Rxf3 f5 15.
Qe2 Kh8 16. e6 1/2-1/2

[Event "I Festival del Fermano A"]
[Site "Fermo ITA"]
[Date "2010.08.29"]
[Round "9"]
[White "Panjkovic, Aleksandar"]
[Black "Naumkin, Igor"]
[WhiteElo "2121"]
[BlackElo "2466"]
[Result "0-1"]
[PlyCount "94"]
[EventDate "2010.08.21"]

1. c4 e5 2. g3 Nf6 3. Bg2 Nc6 4. Nc3 Bb4 5. Nd5 O-O 6. Nxb4 Nxb4 7. a3 Nc6 8.
b4 d6 9. e3 Bg4 10. Qa4 a6 11. Bb2 Qd7 12. h3 Be6 13. d3 d5 14. O-O-O Rfd8 15.
Ne2 dxc4 16. dxc4 Nd4 17. Qxd7 Nxe2+ 18. Kc2 Nxd7 19. Bxb7 Rab8 20. Bf3 Bxc4
21. Rd2 c5 22. Rhd1 cxb4 23. Rxd7 Nd4+ 24. exd4 Rxd7 25. axb4 exd4 26. Bxd4
Rxb4 27. Kc3 Rb3+ 28. Kxc4 Rxf3 29. Rb1 h5 30. h4 Ra3 31. Be3 Ra2 32. Rb8+ Kh7
33. Ra8 Rc2+ 34. Kb3 Rc6 35. Rb8 Rd1 36. Kb2 Rd5 37. Rf8 Rb5+ 38. Ka3 Rc3+ 39.
Ka4 Rc4+ 40. Ka3 f6 41. Ra8 a5 42. Ra7 Kg6 43. Bd2 a4 44. Rxa4 Rxa4+ 45. Kxa4
Rb2 46. Be3 Kf5 47. Ka3 Rb7 0-1

[Event "I Festival del Fermano A"]
[Site "Fermo ITA"]
[Date "2010.08.29"]
[Round "9"]
[White "Raineri, Valerio"]
[Black "Certic, Branimir"]
[WhiteElo "2114"]
[BlackElo "2421"]
[Result "1-0"]
[PlyCount "63"]
[EventDate "2010.08.21"]

1. e4 e6 2. Qe2 c6 3. f4 d5 4. e5 Nh6 5. d3 a5 6. Nf3 a4 7. g3 Nf5 8. Bh3 Qb6
9. c3 Be7 10. g4 Nh4 11. Nbd2 h5 12. g5 Nxf3+ 13. Nxf3 g6 14. Be3 c5 15. O-O
Bd7 16. Rab1 Qa6 17. Rfd1 O-O 18. Nh4 Rd8 19. Rf1 d4 20. Bd2 dxc3 21. bxc3 Bb5
22. c4 Be8 23. f5 exf5 24. Nxf5 gxf5 25. Bxf5 Bd7 26. Bh7+ Kg7 27. Qxh5 Qe6 28.
g6 Bf8 29. Rxf7+ Qxf7 30. gxf7 Ra6 31. e6 Kf6 32. Qf5+ 1-0

[Event "I Festival del Fermano A"]
[Site "Fermo ITA"]
[Date "2010.08.29"]
[Round "9"]
[White "Rogai, Stefano"]
[Black "Boscolo, Marco"]
[WhiteElo "2015"]
[BlackElo "2149"]
[Result "0-1"]
[PlyCount "74"]
[EventDate "2010.08.21"]

1. d4 e6 2. Bf4 Nf6 3. e3 b6 4. Nd2 Bb7 5. Ngf3 Be7 6. c3 c5 7. Bd3 O-O 8. Qe2
cxd4 9. exd4 Nc6 10. Ba6 Bxa6 11. Qxa6 d6 12. Qe2 Qd7 13. O-O Rac8 14. h3 Nd5
15. Bh2 Na5 16. c4 Nf6 17. Rfe1 d5 18. Ne5 Qb7 19. Rac1 dxc4 20. Ndxc4 Nxc4 21.
Nxc4 Rfd8 22. Be5 Qd5 23. a3 h6 24. Ne3 Qd7 25. Rxc8 Rxc8 26. f4 g6 27. g4 Nd5
28. f5 exf5 29. gxf5 Nxe3 30. Qxe3 Bg5 31. Bf4 Qxf5 32. Bxg5 hxg5 33. Rf1 Qd5
34. Rf2 Rc4 35. Qe8+ Kg7 36. Qe5+ Qxe5 37. dxe5 Re4 0-1